[Event "Yerevan Asrian Memorial 9th"]
[Site "Yerevan"]
[Date "2016.06.16"]
[Round "1"]
[White "Shahinyan, David"]
[Black "Kshtoyan, Indat"]
[Result "1-0"]
[WhiteElo "2442"]
[BlackElo "1939"]
[PlyCount "59"]
[EventDate "2016.06.16"]
[EventType "swiss"]
[EventRounds "9"]
[EventCountry "ARM"]
[SourceTitle "CBM 173 Extra"]
[Source "ChessBase"]
[SourceDate "2016.08.29"]
[SourceVersion "1"]
[SourceVersionDate "2016.08.29"]
[SourceQuality "1"]

1. c4 f5 2. Nc3 Nf6 3. g3 e6 4. Bg2 c6 5. d4 d5 6. Nf3 Bd6 7. 0-0 0-0 8. Qc2 Bd7 9. Bf4 Bxf4 10. gxf4 Ne4 11. e3 Be8 12. Qb3 Bh5 13. Qxb7 Bxf3 14. Bxf3 Nd7 15. Qxc6 Rf6 16. Bxe4 fxe4 17. cxd5 Rc8 18. Qb5 Rxc3 19. bxc3 Rh6 20. f3 Qh4 21. Qe2 exf3 22. Rxf3 exd5 23. Rg3 Qe7 24. c4 Nf6 25. Rb1 Rg6 26. cxd5 Rxg3+ 27. hxg3 Qe4 28. Rb8+ Kf7 29. d6 Qd5 30. Qb5 1-0